Statistics for Municipalities in Orange County

Click here to take the quiz!

General Stats

  • This quiz has been taken 28 times
  • The average score is 22 of 34

Answer Stats

City% Correct
Anaheim
100%
Santa Ana
89%
Huntington Beach
84%
Irvine
84%
Newport Beach
84%
Orange
84%
Buena Park
79%
San Clemente
79%
Laguna Beach
74%
Laguna Hills
74%
San Juan Capistrano
74%
Tustin
74%
Costa Mesa
68%
Dana Point
68%
Garden Grove
68%
Laguna Niguel
68%
Fullerton
63%
Laguna Woods
63%
Lake Forest
63%
Westminster
63%
Yorba Linda
63%
Brea
58%
Fountain Valley
58%
Mission Viejo
58%
Rancho Santa Margarita
58%
Aliso Viejo
53%
La Habra
53%
Stanton
53%
Cypress
47%
Placentia
47%
Seal Beach
47%
Villa Park
47%
La Palma
32%
Los Alamitos
26%

Score Distribution

Percentile by Number Answered

Percent of People with Each Score

Your Score History

You have not taken this quiz